000 00841 a2200229 4500
008 080820t xxu||||| |||| 00| 0 eng d
010 _aENG-84915
020 _a8122504140
_c600.00
035 _aEN-68448
037 _bD.B.Act / Pub
082 _a637.1
100 _aDavid, J.
245 _aTechnological advances in market milk
_cby J. David
250 _a1st ed.
260 _aNew Delhi
_bKitab Mahal
_c2006
270 _a28,Netaji Subhash Marg
_bDelhi
_cNew Delhi
_e110002
_k23273230
300 _axiii, 378 p
_c22 cm (Hb)
500 _aIncludes bibliographical references and index
650 _aMilk
_xmarket
942 _adpl
_cEN
_k637.1 / DAV
_2ddc
_h637.1
_mDAV
999 _c741
_d741